000 00871nas a2200301 4500
001 BR0809193
003 BR-BrBNA
005 20231205112519.0
007 ta
008 230509b bl.|||p| |||| 00| 00por d
040 _aBR-BrBNA
_bpor
_cBiblioteca Nacional de Agricultura
041 _a(Pt)
072 _aQ04
100 1 _aVargas, P.F.
100 1 _aCastoldi, R.
100 1 _aCharlo, H.C. de O.
100 1 _aBraz, L.T.
245 1 _aQualidade de melão rendilhado (Cucumis melo L.)em função do sistema de cultivo
650 _aMELÃO
650 _aCUCUMIS MELO
650 _aSISTEMA DE CULTIVO
650 _aFRUTO
650 _aVARIEDADE
650 _aQUALIDADE
773 0 _tCiência e Agrotecnologia (Brazil)
_xISSN 1413-7054
_g(Jan-Feb 2008), v. 32(1) p. 137-142
_wBR0809193
909 _a202311
_bLúcia
_c55
_dLúcia Elande
942 _2AGRIS
_n0
_cANA
999 _c198451
_d198451